000
00324pab a2200145 454500
008
180718b1985 xxu||||| |||| 00| 0 eng d
100
_a
Sharma, P.D.
245
_a
Mobilising youth for consturctive work
260
_c
1985
300
_a
22-3
362
_a
16 Oct.
650
_a
Youth
773
_a
Yojana
909
_a
21090
999
_c
21090
_d
21090